000 00282nam a22001337a 4500
008 170126b xxu||||| |||| 00| 0 eng d
020 _a072169618X
041 _aeng
080 _a61
100 _a3
101 _aMED
245 _aTEXTBOOK OF MEDICINE
_cWYNGARDEN
942 _2udc
_cBK
999 _c3805
_d3805